| 000 | 00604nam a2200229Ia 4500 | ||
|---|---|---|---|
| 003 | OSt | ||
| 005 | 20250812094331.0 | ||
| 008 | 210210b1977 xxu||||| |||| 00| 0 eng d | ||
| 020 | _a0070500010 | ||
| 040 | _cAL | ||
| 041 | _aeng | ||
| 082 | _a658.3 PIGP | ||
| 100 |
_aPaul Pigros _9235046 |
||
| 245 |
_aPersonnel administration _b: a point of view and a method Ed 8 |
||
| 250 | _a8 | ||
| 260 |
_aLondon _bMcGraw Hill Kogakusha, Ltd. _c1977 |
||
| 300 | _axii,546p | ||
| 650 |
_aPersonnel Administration _9235047 |
||
| 690 |
_aPersonnel Management _9235048 |
||
| 906 | _aSG01410 | ||
| 942 |
_2ddc _cSG |
||
| 999 |
_c112699 _d112699 |
||